000 02437nam0a2200397 4500
001 RU\NLR\b_ik\150730
005 20260409075526.0
010 _a5-98935-012-0
_91000
035 _a(NLR Aleph) 002223811
090 _a3334954
_c3334954
100 _a20060907d2006 |||y0rusy50 ca
101 0 _arus
_feng
_geng
102 _aRU
105 _aa |||||||||
200 1 _aMultilingual education as basis of preserving language heritage and cultural variety of the humanity
_ematerials of the International conference, Vladikavkaz, 2006, April 25-26
_f[науч. ред. - д. фил. н., проф. Камболов Т.Т.]
210 _aВладикавказ
_cИзд-во СОГПИ
_d2006
215 _a205 с.
_cил.
_d29
300 _aЗагл. обл.: Полилингвальное образование как основа сохранения языкового наследия и культурного разнообразия человечества : материалы Международной научной конференции, Владикавказ, 25-26 апреля 2006 г.
300 _aВ надзаг.: UNESCO, Min. of education a. science of Russ. Federation, Min. of education a. science of the Rep. of North Ossetia-Alania, North-Ossetian state ped. inst.
300 _aТекст на рус. яз.
320 _aБиблиогр. в конце докл.
512 1 _aПолилингвальное образование как основа сохранения языкового наследия и культурного разнообразия человечества
_eматериалы Международной научной конференции, Владикавказ, 25-26 апреля 2006 г.
606 _aМультикультурное образование
_jСъезды, совещания и т.п.
_3RU\NLR\AUTH\661470432
_92476460
606 1 _aЯзыки
_jСъезды, совещания и т.п.
_xПреподавание
_91747746
_3RU\NLR\AUTH\66782640
675 _a811(082)
686 1 _aЧ34(0)я431
686 1 _aЧ426.11/17я431
686 1 _aЧ486.11/17я431
702 1 _aKambolov
_bT. T.
_4340
712 0 2 _4570
_8eng
_aUNESCO
_7ba
_3RU\NLR\AUTH\883675
_9278661
801 0 _aRU
_bNLR
_c20060907
_gPSBO
942 _cBOOK
980 _aNB